| 000 | 00763nam a2200217 i 4500 | ||
|---|---|---|---|
| 001 | 127689 | ||
| 003 | ES-MaACL | ||
| 005 | 20250911062838.0 | ||
| 007 | t| | ||
| 008 | 070214s1969 sp r ||||1| spa d | ||
| 100 | 1 |
_aRimbaud, Arthur, _d1854-1891 _997237 |
|
| 245 | 1 | 4 |
_aUna temporada en el infierno / _cRimbaud ; introducción y traducción de Gabriel Celaya ; prólogo de Jacques Riviere. |
| 260 |
_aMadrid : _bAlberto Corazón, _c1969. |
||
| 300 |
_a93 p., 1 lám. : _b`retr. aut.` ; _c20 cm. |
||
| 490 | 1 |
_aColección Visor de poesía ; _v1 |
|
| 700 | 1 |
_aCelaya, Gabriel, _d1911-1991 _937346 |
|
| 700 | 1 |
_aRiviere, Jacques. _997738 |
|
| 830 | 0 |
_aColección Visor de poesía _v1 _9177331 |
|
| 852 |
_aES-MaACL _jC-33799 _bR.72198 |
||
| 999 |
_c127689 _d127689 |
||